000 00695cab a22001935a 4500
001 L136990
008 070308e2007 xxk 000 0 eng d
035 _a(Sirsi) u136990
041 0 _aeng
100 1 _aPlatt, Martin
245 0 4 _aThe revolution is here
260 _c2007
490 0 _aRICS Business
_vMarch 2007, 30-31(2)
520 _aDiscusses the effects REITs will have on UK property investment. Predicts a trend toward specialisation amongst property investment companies. Gives information on how companies can qualify as REITs.
590 _aKA
651 4 _aUnited Kingdom
_y
690 _aPROPERTY-PROPERTY FINANCE AND INVESTMENT-REAL ESTATE INVESTMENT TRUSTS
942 _n0
999 _c78523
_d78523